Mystery Rhyming Answers - Statistics

General Stats
  • This quiz has been taken 40 times
  • The average score is 9 of 15
Answer Stats
Hint Answer % Correct
God made the world and everything in six days, and on the seventh day got a little… Nappy
93%
Some people don’t really like the Notebook because the romance in it is a little… Sappy
93%
The audience showed their appreciation for the performance by getting a little… Clappy
71%
Things were pretty peaceful at the Oscars until Will Smith got a little… Slappy
71%
Life was difficult for young Marshall Mathers until his life changed when he got a little… Rappy
68%
Fred Astaire’s dance moves are amazing to watch or even to listen to when he gets a little… Tappy
68%
Josie’s interest was piqued in Cartography class, and, even in her spare time, she got a little… Mappy
64%
The fledgling eagle struggled to gain lift until it managed to get a little… Flappy
61%
The young gunman walked into the saloon door and said, “I’m looking for the man who shot my… Pappy
57%
Billy seemed like he’d be responsible with elastic bands, but then things got a little… Snappy
54%
It seemed like Frankenstein’s experiment failed before the weather got a little… Zappy
50%
Many people might find this quiz frustrating, but hopefully they don’t think it’s a little… Crappy
43%
Melvin’s dog was unbelievably cute and adorable, but it was also a little… Yappy
43%
When Admiral Ackbar got to the second Death Star Battle, things got a little… Trappy
32%
Harry’s phone started mean and lean, but over time it got a little… Appy
11%
No matching quizzes found
Score Distribution
Percent of People with Each Score
Percentile by Number Answered
Your Score History
You have not taken this quiz